Tiểu thuyết: Kim Bình Mai, tập 2

Đã lưu trong:
Sonraí Bibleagrafaíochta
Formáid: Leabhar
Foilsithe: 2010
Clibeanna: Cuir Clib Leis
Gan Chlibeanna, Bí ar an gcéad duine leis an taifead seo a chlibeáil!
Thư viện lưu trữ: Mạng thư viện Đại học Đà Nẵng
LEADER 00449nam a22001811a 4500
001 000040829
003 17124
005 20160412023403.0
008 160412s2010 000
082 |a N23263 
245 |a Tiểu thuyết: Kim Bình Mai, tập 2  |c Tiếu Tiếu Sinh 
260 |c 2010 
OWN |a LNN 
999 |a From the UDN01 
TYP |a Monograph 
980 |a Mạng thư viện Đại học Đà Nẵng